000
00236nam a22000857a 4500
008
160905b xxu||||| |||| 00| 0 eng d
100
_9
296
_a
Rangaraj R
245
_a
Together with Science-X
260
_a
New Delhi
_b
Rachna Sagar publication
_c
2008
999
_c
2955
_d
2955